| 000 | 00878nam a2200253 i 4500 | ||
|---|---|---|---|
| 003 | OSt | ||
| 005 | 20240502151045.0 | ||
| 008 | 081023t20132015my ao f f 000 0 may d | ||
| 020 |
_a97898332160903 _cRM10.00 _qpaperback |
||
| 040 |
_aPPAK _beng _cPPAK _erda |
||
| 082 | 0 | 4 |
_223 _a334.509595 |
| 090 | 0 | 0 |
_a334.509595 _bGAR _dKWS |
| 245 | 0 | 0 | _aGARIS PANDUAN KOPERASI SEKOLAH |
| 264 | 1 |
_aPetaling Jaya : _bAngkatan Koperasi Kebangsaan Malaysia, _c2015 |
|
| 264 | 4 | _c©2013 | |
| 300 |
_a30 pages : _bcolour photographs ; _c21 cm |
||
| 336 |
_atext _2rdacontent |
||
| 337 |
_aunmediated _2rdamedia |
||
| 338 |
_avolume _2rdacarrier |
||
| 650 | 1 | 0 |
_aStudent cooperatives _zMalaysia _vManagement |
| 650 | 2 | 0 |
_aConsumer cooperatives _zMalaysia _vManagement |
| 710 | 2 |
_aAngkatan Koperasi Kebangsaan Malaysia Berhad (ANGKASA), _eissuing body. |
|
| 942 |
_2ddc _cB |
||
| 999 |
_c195737 _d195737 |
||